Normal view
MARC view
Entry Personal Name
001 - CONTROL NUMBER
- control field: 1234983
003 - CONTROL NUMBER IDENTIFIER
- control field: OSt
005 - DATE AND TIME OF LATEST TRANSACTION
- control field: 20260416152248.0
008 - FIXED-LENGTH DATA ELEMENTS
- fixed length control field: 260416|| aca||aabn | a|a d
040 ## - CATALOGING SOURCE
- Original cataloging agency: OSt
- Transcribing agency: OSt
100 ## - HEADING--PERSONAL NAME
- Personal name: Diouf Sylviane A
670 ## - SOURCE DATA FOUND
- Source citation: Work cat.: (OSt)479325: 235870, Fighting the slave trade: west African strategies , 2003
